Statistics for Top 10 Peanut producing US states

Click here to take the quiz!

General Stats

  • This quiz has been taken 48 times
  • The average score is 9 of 10

Answer Stats

Weight(1000lbs)Answer% Correct
151000Mississippi
100%
659000Alabama
98%
657000Florida
98%
3.4millGeorgia
98%
299000North Carolina
98%
265000South Carolina
98%
588000Texas
93%
73000Virginia
93%
31000Oklahoma
73%
15000New Mexico
71%

Score Distribution

Percentile by Number Answered

Percent of People with Each Score

Your Score History

You have not taken this quiz